000 00334nam a22001457a 4500
003 OSt
005 20160727222351.0
008 160622b xxu||||| |||| 00| 0 eng d
040 _cTEST
100 _9405
_aTerris, S,
245 _aThe Drowing Boy
260 _aN.Y
_bDoubleday & Comp. Inc
300 _aThe Drowing Boy
942 _2ddc
_cBK
999 _c328
_d328